Valuers and investors (Record no. 116054)

MARC details
000 -LEADER
fixed length control field 01449cam a22002655a 4500
001 - CONTROL NUMBER
control field L159620
008 - FIXED-LENGTH DATA ELEMENTS--GENERAL INFORMATION
fixed length control field 150226s2017 xxk f 000 0 eng d
035 ## - SYSTEM CONTROL NUMBER
System control number (Sirsi) u159620
041 0# - LANGUAGE CODE
Language code of text/sound track or separate title eng
050 04 - LIBRARY OF CONGRESS CALL NUMBER
-- 18
110 2# - MAIN ENTRY--CORPORATE NAME
Corporate name or jurisdiction name as entry element Royal Institution of Chartered Surveyors
9 (RLIN) 4900
245 00 - TITLE STATEMENT
Title Valuers and investors
Remainder of title How is data and technology affecting you?
Medium [electronic resource]
260 ## - PUBLICATION, DISTRIBUTION, ETC.
Place of publication, distribution, etc. London
Name of publisher, distributor, etc. RICS
Date of publication, distribution, etc. 2017
490 #0 - SERIES STATEMENT
Series statement RICS Research
520 ## - SUMMARY, ETC.
Summary, etc. In response to the increasing rate of change brought about by new technology and the increasing availability of data, RICS and INREV conducted a survey to provide insight into the ways in which valuers and investors are being impacted. The report showcases a snapshot of what we learnt. With more companies relying on data from other companies to fulfil their objectives, the efficient sharing of data is becoming increasingly important. Market wide data standards are viewed as necessary in ensuring the quality of data. The vast majority of companies are planning on investing in technology within the next 5 years, changing the skillsets needed by professionals.
590 ## - LOCAL NOTE (RLIN)
Local note KA
650 24 - SUBJECT ADDED ENTRY--TOPICAL TERM
Topical term or geographic name entry element TECHNOLOGICAL REVOLUTION
650 24 - SUBJECT ADDED ENTRY--TOPICAL TERM
Topical term or geographic name entry element IT
650 24 - SUBJECT ADDED ENTRY--TOPICAL TERM
Topical term or geographic name entry element PROPERTY
651 #4 - SUBJECT ADDED ENTRY--GEOGRAPHIC NAME
Geographic name United Kingdom
Chronological subdivision
690 ## - LOCAL SUBJECT ADDED ENTRY--TOPICAL TERM (OCLC, RLIN)
Topical term or geographic name as entry element Valuation
9 (RLIN) 6273
710 1# - ADDED ENTRY--CORPORATE NAME
Corporate name or jurisdiction name as entry element INREV
856 40 - ELECTRONIC LOCATION AND ACCESS
Uniform Resource Identifier <a href="www.rics.org/Global/RICS_INREV_PropTech_Report_231117_SB.pdf">www.rics.org/Global/RICS_INREV_PropTech_Report_231117_SB.pdf</a>
Public note View the report free of charge at www.rics.org
942 ## - ADDED ENTRY ELEMENTS (KOHA)
Suppress in OPAC 0
Holdings
Withdrawn status Lost status Source of classification or shelving scheme Damaged status Not for loan Home library Current library Shelving location Date acquired Total Checkouts Full call number Barcode Date last seen Copy number Price effective from Koha item type
    Dewey Decimal Classification     Virtual Virtual Online 27/11/2017   ONLINE PUBLICATION 159620-2001 06/08/2019 1 06/08/2019 Book